000 00575cam a22002051 4500
001 af 48003825
003 DLC
005 20260227110904.0
008 890322s1943 gw 000 1 ger c
010 _aaf 48003825
035 _a(OCoLC)19415815
040 _aCalifornia. Univ. Libr.
_cCU
_dCU
_dDLC
042 _apremarc
050 0 0 _aPT2603.A85
_bG65
100 1 _aBaumgarten, Harald,
_d1890-
245 1 4 _aDer Grillenpfiff,
_bKriminal-Roman.
260 _aBerlin,
_bAufwärts-Verlag
_c[1943]
300 _a239 p.
_c19 cm.
440 4 _aDer Aufwärts-Kriminal-Roman,
_vBd. 29
999 _c5788
_d5788